History of Portugal - Statistics

General Stats
  • This quiz has been taken 33 times
  • The average score is 7 of 19
Answer Stats
Hint Answer % Correct
the city returned to China in 1999 Macau
86%
the largest Portuguese colony in America Brazil
77%
prince who became famous for organizing exploratory expeditions Henry the Navigator
55%
war between Christians and Muslims throughout the Middle Ages reconquista
55%
prime minister from 1932 to 1968 Antonio de Oliveira Salazar
50%
Secretary-General of the UN since 2017 Antonio Guterres
45%
first European to reach the Cape of Good Hope Bartolomeu Dias
45%
the capital of the above Braga
45%
dynasty founded in 1385 by John I Aviz
32%
dynasty that replaced the above Braganza
32%
parliament founded in the 13th century (with the same name as the Spanish) cortes
32%
ancient tribe that fought under Viriathus against the Romans Lusitanians
32%
first king, crowned in 1139 Alfonso I
27%
country that controlled southern Portugal from the 8th to the 11th centuries Emirate/Caliphate of Cordoba
27%
colloquial name of the 1974 coup Carnation Revolution
23%
Germanic tribe that settled in the early 5th century Suebi
23%
dynasty ruling from 1581 to 1640 Habsburg
14%
Indian city visited by Vasco da Gama in 1498 Calicut
5%
Basque explorer who commanded the expedition around the world after Magellan’s death Juan Sebastian Elcano
5%
No matching quizzes found
Score Distribution
Percent of People with Each Score
Percentile by Number Answered
Your Score History
You have not taken this quiz